000 00922nam a22002417a 4500
001 47287
003 BD-RjUL
005 20211209054305.0
008 160808s1984 ii ||||| |||| 00| 0 ben d
035 _a(BD-RjUL)47406
040 _aBD-RjUL
_bben
_cBD-RjUL
041 _aben
082 _223
_a301
_bSAN 1984
100 _aসাংকৃত্যায়ন, রাহুল
_9134947
245 1 0 _aনতুন মানব সমাজ /
_cরাহুল সাংকৃত্যায়ন ; অনুবাদ: শম্ভুনাথ দাস
250 _a৪র্থ সং.
260 _aকলকাতা :
_bবুকস,
_c১৯৮৪
300 _a১১৫ পৃ. ;
_c১৭ সেমি.
650 _aসমাজবিজ্ঞান
_9143929
650 _aSociology
_9143930
700 _aদাস, শম্ভুনাথ , অনুবাদক
_9143931
942 _2ddc
_cBK
999 _c47287
_d47287